| 000 | 00976nam a22002897a 4500 | ||
|---|---|---|---|
| 003 | CHAP | ||
| 005 | 20220329135944.0 | ||
| 008 | 971013s1959 r 00010 d | ||
| 010 | _a44675 | ||
| 011 | _a45647 | ||
| 035 | _a49786 | ||
| 040 | _cCHAP | ||
| 082 |
_a068.72 _bS3 |
||
| 100 | 0 | 0 |
_aSalas Ortega, Guadalupe _ecomp. _9101319 |
| 245 | _aDirectorio de asociaciones e institutos científicos y culturales de la República Mexicana | ||
| 260 |
_aMéxico, D.F. : _bUNAM. Departamento de Psicopedagogía, _c1959 |
||
| 300 | _a242 p. | ||
| 590 |
_aBATCH-UPD _b10 _c20130110 _lUCH01 _h1427 |
||
| 590 |
_aBATCH-UPD _b10 _c20130410 _lUCH01 _h0906 |
||
| 590 |
_aBATCH-UPD _b10 _c20130914 _lUCH01 _h1648 |
||
| 590 |
_aCONVERSION _b10 _c20130109 _lUCH01 _h1325 |
||
| 650 | 1 | 4 |
_aInstituciones científicas. _958974 |
| 650 | 1 | 4 |
_aInstituciones y sociedades doctas _xMéxico. _958986 |
| 901 | _aBK | ||
| 942 | _cLIBRO | ||
| 949 |
_a068.72 S3 _bBC _cC _d33724000462479 _eC _h12012 _i49786 _mD _si |
||
| 999 |
_c44675 _d44675 |
||